Study on processing of rice production system of norm srim rice mill in khan dongkor, phnom penh, សិក្សាពីខ្សែសង្វាក់ផលិតកម្មនៃប្រព័ន្ធផលិតកម្មអង្គររបស់រោងម៉ាស៊ីនកិនស្រូវ ណម ខណ្ឌដង្កោ ភ្នំពេញ (Record no. 10769)

000 -LEADER
fixed length control field 00754nam a22001577a 4500
003 - CONTROL NUMBER IDENTIFIER
control field OSt
005 - DATE AND TIME OF LATEST TRANSACTION
control field 20161105095756.0
008 - FIXED-LENGTH DATA ELEMENTS--GENERAL INFORMATION
fixed length control field 161105b xxu||||| |||| 00| 0 eng d
040 ## - CATALOGING SOURCE
Transcribing agency RUA
082 ## - DEWEY DECIMAL CLASSIFICATION NUMBER
Classification number AEN SOT 2015 B170 Or.1
100 ## - MAIN ENTRY--PERSONAL NAME
9 (RLIN) 11203
Personal name SOTH PENH; សូត្រ ពេញ
245 ## - TITLE STATEMENT
Title Study on processing of rice production system of norm srim rice mill in khan dongkor, phnom penh, សិក្សាពីខ្សែសង្វាក់ផលិតកម្មនៃប្រព័ន្ធផលិតកម្មអង្គររបស់រោងម៉ាស៊ីនកិនស្រូវ ណម ខណ្ឌដង្កោ ភ្នំពេញ
260 ## - PUBLICATION, DISTRIBUTION, ETC. (IMPRINT)
Place of publication, distribution, etc. RUA
Name of publisher, distributor, etc. SOT
Date of publication, distribution, etc. 2015
300 ## - PHYSICAL DESCRIPTION
Extent xii,50p.
Other physical details ill.
Dimensions 29cm.
942 ## - ADDED ENTRY ELEMENTS (KOHA)
Source of classification or shelving scheme
Koha item type AGR
Holdings
Price effective from Date last seen Permanent Location Not for loan Date acquired Source of classification or shelving scheme Koha item type Lost status Withdrawn status Date last checked out Total Checkouts Shelving location Damaged status Barcode Current Location Full call number
2016-11-052016-11-05Library Block B 2016-11-05 AGR    B520 A03706Library Block BAEN SOT 2015 B170 Or.1
2016-11-052016-11-05Library Block B 2016-11-05 AGR    B520 A04001Library Block BAEN SOT 2015 B170 Or.2
2016-11-052016-11-05Library Block B 2016-11-05 AGR    B520 A04004Library Block BAEN SOT 2015 B170 Or.3
2016-11-052016-11-05Library Block B 2016-11-05 AGR    B520 A03710Library Block BAEN SOT 2015 B170 Or.1
2016-11-052018-11-12Library Block B 2016-11-05 AGR  2018-10-301B520 A03711Library Block BAEN SOT 2015 B170 Or.1
2016-11-052016-11-05Library Block B 2016-11-05 AGR    B520 A03712Library Block BAEN SOT 2015 B170 Or.1
2016-11-052016-11-05Library Block B 2016-11-05 AGR    B520 A03714Library Block BAEN SOT 2015 B170 Or.1
2016-11-052016-11-05Library Block B 2016-11-05 AGR    B520 A03715Library Block BAEN SOT 2015 B170 Or.1
មជ្ឈមណ្ឌលឯការនៃសាកលវិទ្យាល័យភូមិន្ទកសិកម្មចំការដូង

Powered by Koha